000 00864cam a2200277 a 4500
001 000006959
003 DO-SdBNP
005 20250618090346.0
007 ta
008 780117t1974 ve a b 001 0 spa
040 _aDO-SdBNP
_bspa
_cLC
_dDO-SdBNP
_erda
041 _hspa
082 4 _a923.287
_bB641R
100 1 _aRojas, Armando,
_d1913
_919332
245 1 4 _aLas misiones diplomáticas de Guzmán Blanco :
_bensayo /
_cArmando Rojas.
264 4 _aCaracas :
_bMonte Ávila,
_c1974.
300 _a219 páginas :
_bilustraciones ;
_c20 cm.
336 _atexto
_btxt
_2rdacontent
337 _asin mediación
_bn
_2rdamedia
338 _avolumen
_bnc
_2rdacarrier
490 1 _aPrisma
504 _aBibliografía (páginas 197-199)
651 4 _aVenezuela
_xRelaciones Exteriores
_y1830-1899
_919334
910 _aCatalogación por copia / LC
942 _2ddc
_cLBS1
999 _c6743
_d6743